Central Library OPAC University of Rajshahi

Echoes of bats and men / (Record no. 67887)

MARC details
000 -LEADER
fixed length control field 00589nam a22002177a 4500
001 - CONTROL NUMBER
control field 67887
003 - CONTROL NUMBER IDENTIFIER
rucl marc code BD-RjUL
005 - DATE AND TIME OF LATEST TRANSACTION
control field 20211209081714.0
008 - FIXED-LENGTH DATA ELEMENTS--GENERAL INFORMATION
fixed length control field 170329s1959 nyu||||| |||| 001 0 eng d
035 ## - SYSTEM CONTROL NUMBER
System control number (BD-RjUL)68096
040 ## - CATALOGING SOURCE
Original cataloging agency BD-RjUL
Language of cataloging eng
Transcribing agency BD-RjUL
041 ## - LANGUAGE CODE
Language code of text/sound track or separate title eng
082 ## - DEWEY DECIMAL CLASSIFICATION NUMBER
Edition number 23
Classification number 534.204
Author mark and year GRE 1959
100 ## - MAIN ENTRY--PERSONAL NAME
Personal name Griffin, Donald R.
9 (RLIN) 201245
245 10 - TITLE STATEMENT
Title Echoes of bats and men /
Statement of responsibility, etc. Donald R.Griffin.
260 ## - PUBLICATION, DISTRIBUTION, ETC. (IMPRINT)
Place of publication, distribution, etc. New York :
Name of publisher, distributor, etc. Anchor books
Date of publication, distribution, etc. 1959
300 ## - PHYSICAL DESCRIPTION
Pagination 156p. ;
Size 17 cm.
500 ## - GENERAL NOTE
General note Includes index
650 ## - SUBJECT ADDED ENTRY--TOPICAL TERM
Topical term or geographic name as entry element Echolocation (Physiology)
9 (RLIN) 201246
942 ## - ADDED ENTRY ELEMENTS (KOHA)
Source of classification or shelving scheme Dewey Decimal Classification
Koha item type Books
Holdings
Lost status Source of classification or shelving scheme Damaged status Not for loan Collection code Permanent Location Current Location Shelving location Date acquired Source of acquisition Total Checkouts Full call number Date last seen Copy number Koha item type
  Dewey Decimal Classification   Not For Loan Non-fiction Central Library, University of Rajshahi Central Library, University of Rajshahi Reading Room 15/05/1963 asia foundation   534.204 GRE 1959 29/03/2017 c-1 Books